00862nam a2200241 a 450000100060000000300080000600500170001400800410003103500190007204000270009104100080011808200250012610000310015124500550018226000460023730000290028349000500031250400280036265000500039094200120044099900170045295201510046968037BD-RjUL20211209081726.0170330s1964 ne b 001 0 eng  a(BD-RjUL)68246 aDLCcDLCdBD-RjULbeng aeng a511.65223bFID 19641 aFishburn, Peter C.920167410aDecision and value theory /cBy Peter C. Fishburn. aLondon :bJohn wiley & sons, Inc.,cc1964 a104 p. :c23 cm.bill. ;0 aMethods and models in the social sciences,v3 aBibliography: p. 95-99. 0aDecision makingxMathematical models.9139454 2ddccBK c68037d68037 00102ddc40718NFICaRUCLbRUCLcReadingd1974-05-30eNational book agencyg187.50l0o511.65 FID 1964r2017-03-30 00:00:00tC-1w2017-03-30yBK